00870nam a2200229 i 4500001001000000003000900010005001700019007000300036008004100039020001800080040003000098082002000128100004200148245006000190264005100250300002500301336002700326337003300353338002800386500006400414500016200478000048370DO-SdBNP20250131143102.0ta190213s2016 dr r 000 0 spa d a9789945500011 aDO-SdBNPbspacBNPHUerda axxxxbC434f2221 aChahín, Plinio,d1959-eautor4aut.10aFantasmas de otros :bminificción /cPlinio Chahín. 4aSanto Domingo :bEdiciones Ferilibro,c©2016. a47 páginasc21 cm. atextobtxt2rdacontent asin mediaciónbn2rdamedia avolumenbnc2rdacarrier aIncluye datos biográficos del autor en la contracubierta. aObra seleccionada dentro de la convocatoria abierta para publicaciones con motivo de la XII Feria Regional del Libro Hato Mayor 2016, República Dominicana.